000 00315nam a2200145Ia 4500
100 _aSoman/K.P/ Ramachandran/.K.I
942 _cBK
654 _awavelets
245 _aInsight in to wavelets
260 _bPrentice Hall
_c2004
082 _a621.38131
_bSOM
300 _a293
546 _aENGLISH
999 _c26273
_d26273